000 01246cam a22003377a 4500
003 CHAP
005 20220817043904.0
008 030513d2002 mx bd rs 00110 spa d
010 _a87190
011 _a88162
020 _a9701340655
035 _a98707
040 _cCHAP
082 0 4 _a312.0972
_bM49c 2000 Gto.
110 2 _aInstituto Nacional de Estadística, Geografía e Informática. México
_959304
245 1 0 _aCenso general de población y vivienda (12o.) 2000:
_bGuanajuato
_c/por INEGI
260 _aAguascalientes, Ags. :
_bInstituto Nacional de Estadística, Geografía e Informática,
_c2002
300 _av. :
_bgráfs. ; mapas ; cuadros
500 _aLa biblioteca tiene: v.1 Perfil sociodemográfico
590 _aBATCH-UPD
_b10
_c20130110
_lUCH01
_h1718
590 _aBATCH-UPD
_b10
_c20130410
_lUCH01
_h1102
590 _aBATCH-UPD
_b10
_c20130914
_lUCH01
_h1822
590 _aCONVERSION
_b10
_c20130109
_lUCH01
_h1348
650 1 4 _aMéxico
_xCensos.
650 1 4 _aPoblación
_xEstadísticas
_zGuanajuato.
_989380
650 1 4 _aVivienda
_xGuanajuato.
_9120129
901 _aBK
905 _aMarco A. Mendoza T.
942 _cLIBRO
949 _a312.0972 M49c 2000 Gto.
_bBC
_cINEGI
_d33724000893855
_eINEGI
_fv.1
_h103604
_i98707
_sb
999 _c87190
_d87190